Introduction to Optimum Design /

Na minha lista:
Detalhes bibliográficos
Autor principal: Arora, Jasbir Singh (autor)
Formato: Livro
Idioma:inglês
Publicado em: Londres, Inglaterra : Academic Press, 2025, c2025
Edição:5a edición
Assuntos:
Tags: Adicionar Tag
Sem tags, seja o primeiro a adicionar uma tag!

MARC

LEADER 00000nam^a2200000^a^4500
001 000590326
005 20250521000000.0
009 20260310132907.421
020 |a 978-0-12-818320-5 
037 |a Acervo ITESO - Biblioteca 
041 |a ING 
082 |a 620. 0042  |b ARO 
100 |a Arora, Jasbir Singh  |e (autor) 
245 1 0 |a Introduction to Optimum Design /  |c J.S. Arora. 
250 |a 5a edición 
264 4 |a Londres, Inglaterra :  |b Academic Press,  |c 2025, c2025 
300 |a XXIII, 1092 p. 
336 |a texto  |b txt  |2 rdacontenido 
337 |a sin mediación  |b n  |2 rdamedio 
338 |a volumen  |b nc  |2 rdasoporte 
521 |a Peticiones 2024 
649 |a XX 
650 |a Diseño Industrial 
650 |a Análisis de Sistemas 
650 |a Programación Lineal 
650 |a Programación (Matemáticas) 
650 |a Modelos Matemáticos 
650 |a Diseño Experimental -  |x Tema Principal 
650 |a Optimización Matemática -  |x Tema Principal 
650 |a Optimización 
650 |a Análisis Matemático 
650 |a Matemáticas de Ingeniería -  |x Tema Principal 
650 |a Ingeniería 
910 |a Fondo General 
920 |a Impresos - Libros 
930 |a Colección General 
905 |a 101 
901 |a 590326-10  |b IT1  |c ACC  |i C187539  |u 20250521 
902 |a https://opac.biblio.iteso.mx/vufind/Record/000590326